5HLuxD.jpg

KING HENRY VIII SENIOR AND PRIMARY SCHOOL LIBRARY OPAC

Odious oceans / (Record no. 1278)

000 -LEADER
fixed length control field 01837cam a2200433 a 4500
001 - CONTROL NUMBER
control field 18978171
003 - CONTROL NUMBER IDENTIFIER
control field OSt
005 - DATE AND TIME OF LATEST TRANSACTION
control field 20230106100934.0
008 - FIXED-LENGTH DATA ELEMENTS--GENERAL INFORMATION
fixed length control field 160217r20081999enkab j 000 0 eng
010 ## - LIBRARY OF CONGRESS CONTROL NUMBER
LC control number 2015509346
015 ## - NATIONAL BIBLIOGRAPHY NUMBER
National bibliography number GBA863580
Source bnb
016 7# - NATIONAL BIBLIOGRAPHIC AGENCY CONTROL NUMBER
Record control number 014607045
Source Uk
020 ## - INTERNATIONAL STANDARD BOOK NUMBER
International Standard Book Number 9780439944540
Qualifying information (pbk.)
020 ## - INTERNATIONAL STANDARD BOOK NUMBER
International Standard Book Number 0439944546
Qualifying information (pbk.)
035 ## - SYSTEM CONTROL NUMBER
System control number (OCoLC)ocn227275322
040 ## - CATALOGING SOURCE
Original cataloging agency UKM
Language of cataloging eng
Transcribing agency UKM
Modifying agency BTCTA
-- OCLCG
-- YDXCP
-- OCLCO
-- OCLCF
-- OCLCO
-- OCLCQ
-- NZTPP
-- OCLCQ
-- DLC
-- KH8
042 ## - AUTHENTICATION CODE
Authentication code lccopycat
082 04 - DEWEY DECIMAL CLASSIFICATION NUMBER
Classification number 551.46 GAN
Edition number 22
100 1# - MAIN ENTRY--PERSONAL NAME
Personal name Ganeri, Anita,
Dates associated with a name 1961-
Relator term Author
245 10 - TITLE STATEMENT
Title Odious oceans /
Statement of responsibility, etc. Anita Ganeri ; illustrated by Mike Phillips.
260 ## - PUBLICATION, DISTRIBUTION, ETC.
Place of publication, distribution, etc. London ;
-- New York :
Name of publisher, distributor, etc. Scholastic,
Date of publication, distribution, etc. 2008.
300 ## - PHYSICAL DESCRIPTION
Extent 159 pages :
Other physical details ill., maps ;
Dimensions 20 cm.
336 ## - CONTENT TYPE
Content type term text
Content type code txt
Source rdacontent
337 ## - MEDIA TYPE
Media type term unmediated
Media type code n
Source rdamedia
338 ## - CARRIER TYPE
Carrier type term volume
Carrier type code nc
Source rdacarrier
490 1# - SERIES STATEMENT
Series statement Horrible geography
500 ## - GENERAL NOTE
General note Originally published: London: Hippo, 1999.
520 ## - SUMMARY, ETC.
Summary, etc. Horrible Geography takes you under the sea with Odious Oceans. Discover where in the world you can tuck into a poisonous pufferfish, spot some perilous pirates and explore the savage seabed! Filled with hilarious illustrations by Mike Phillips, Horrible Geography is the perfect escapism from miserable maps, rotten rock piles and dire diagrams. Hold tight!
650 #0 - SUBJECT ADDED ENTRY--TOPICAL TERM
Topical term or geographic name entry element Ocean
Form subdivision Juvenile literature.
650 #0 - SUBJECT ADDED ENTRY--TOPICAL TERM
Topical term or geographic name entry element Ocean bottom
Form subdivision Juvenile literature.
650 #7 - SUBJECT ADDED ENTRY--TOPICAL TERM
Topical term or geographic name entry element Ocean.
Source of heading or term fast
Authority record control number or standard number (OCoLC)fst01043442
650 #7 - SUBJECT ADDED ENTRY--TOPICAL TERM
Topical term or geographic name entry element Ocean bottom.
Source of heading or term fast
Authority record control number or standard number (OCoLC)fst01043468
655 #7 - INDEX TERM--GENRE/FORM
Genre/form data or focus term Juvenile works.
Source of term fast
Authority record control number or standard number (OCoLC)fst01411637
700 1# - ADDED ENTRY--PERSONAL NAME
Personal name Phillips, Mike,
Dates associated with a name 1961-
Relator term Illustrator
830 #0 - SERIES ADDED ENTRY--UNIFORM TITLE
Uniform title Horrible geography.
906 ## - LOCAL DATA ELEMENT F, LDF (RLIN)
a 7
b cbc
c copycat
d 2
e ncip
f 20
g y-gencatlg
942 ## - ADDED ENTRY ELEMENTS (KOHA)
Source of classification or shelving scheme
Koha item type Books - Non Ficton
Holdings
Withdrawn status Lost status Source of classification or shelving scheme Damaged status Not for loan Collection code Permanent Location Current Location Shelving location Date acquired Total Checkouts Full call number Barcode Date last seen Date last checked out Price effective from Koha item type
          Non-Fiction KH8 Primary School Library KH8 Primary School Library Fiction 2022-12-28 5 551.46 GAN KHPL000003056 2025-12-05 2025-01-10 2022-12-28 Books - Non Ficton

Powered By KH8 IT Dept